[Event "Stay Safe Play From Home 210"]
[Site "T#646654Emanuel Laske"]
[Date "2020.06.08"]
[Round "4"]
[White "Timbre"]
[Black "Tobo Rubirosa"]
[Result "1/2-1/2"]
[WhiteElo "1582"]
[BlackElo "1590"]
[Annotator "NA RC"]
[PlyCount "104"]
[EventDate "2020.06.08"]
[EventType "swiss (blitz)"]

1. d4 {[%emt 0:00:09]} Nf6 {[%emt 0:00:01]} 2. Nf3 {[%emt 0:00:03]} g6 {[%emt 0:00:01]} 3. c3 {[%emt 0:00:01]} Bg7 {[%emt 0:00:01]} 4. Bf4 {[%emt 0:00:01]} O-O {[%emt 0:00:01]} 5. e3 {[%emt 0:00:01]} d6 {[%emt 0:00:02]} 6. Be2 {[%emt 0:00:01]} Nc6 {[%emt 0:00:01]} 7. Nbd2 {[%emt 0:00:01]} h6 {[%emt 0:00:01]} 8. O-O {[%emt 0:00:01]} Nh5 {[%emt 0:00:01]} 9. Bg3 {[%emt 0:00:02]} Nxg3 {[%emt 0:00:01]} 10. hxg3 {[%emt 0:00:01]} e5 {[%emt 0:00:02]} 11. dxe5 {[%emt 0:00:01]} Nxe5 {[%emt 0:00:03]} 12. Nxe5 {[%emt 0:00:02]} dxe5 {[%emt 0:00:02]} 13. Qc2 {[%emt 0:00:01]} Bf5 {[%emt 0:00:03]} 14. e4 {[%emt 0:00:02]} Be6 {[%emt 0:00:01]} 15. Nf3 {[%emt 0:00:01]} Qe7 {[%emt 0:00:03]} 16. a3 {[%emt 0:00:03]} Rfd8 {[%emt 0:00:01]} 17. Rad1 {[%emt 0:00:01]} Rxd1 {[%emt 0:00:06]} 18. Rxd1 {[%emt 0:00:02]} Rd8 {[%emt 0:00:01]} 19. Rxd8+ {[%emt 0:00:02]} Qxd8 {[%emt 0:00:01]} 20. Qa4 {[%emt 0:00:04]} a6 {[%emt 0:00:04]} 21. b4 {[%emt 0:00:08]} Qd7 {[%emt 0:00:08]} 22. Qc2 {[%emt 0:00:03]} f5 {[%emt 0:00:09]} 23. exf5 {[%emt 0:00:03]} gxf5 {[%emt 0:00:02]} 24. c4 {[%emt 0:00:03]} e4 {[%emt 0:00:02]} 25. Nh4 {[%emt 0:00:03]} Bf6 {[%emt 0:00:04]} 26. Ng6 {[%emt 0:00:05]} Kg7 {[%emt 0:00:03]} 27. Nf4 {[%emt 0:00:02]} Bf7 {[%emt 0:00:03]} 28. c5 {[%emt 0:00:03]} Qd4 {[%emt 0:00:06]} 29. Bh5 {[%emt 0:00:04]} Qb2 {[%emt 0:00:07]} 30. Qd1 {[%emt 0:00:07]} Qa1 {[%emt 0:00:04]} 31. Qxa1 {[%emt 0:00:04]} Bxa1 {[%emt 0:00:01]} 32. Bxf7 {[%emt 0:00:02]} Kxf7 {[%emt 0:00:02]} 33. a4 {[%emt 0:00:02]} Be5 {[%emt 0:00:11]} 34. Nd5 {[%emt 0:00:03]} c6 {[%emt 0:00:03]} 35. Ne3 {[%emt 0:00:02]} Bd4 {[%emt 0:00:03]} 36. Nxf5 {[%emt 0:00:02]} Bc3 {[%emt 0:00:03]} 37. Nd6+ {[%emt 0:00:04]} Ke6 {[%emt 0:00:07]} 38. b5 {[%emt 0:00:03]} cxb5 {[%emt 0:00:03]} 39. axb5 {[%emt 0:00:02]} a5 {[%emt 0:00:01]} 40. Nxe4 {[%emt 0:00:01]} Bd4 {[%emt 0:00:04]} 41. c6 {[%emt 0:00:04]} bxc6 {[%emt 0:00:03]} 42. bxc6 {[%emt 0:00:01]} a4 {[%emt 0:00:01]} 43. Kf1 {[%emt 0:00:01]} a3 {[%emt 0:00:01]} 44. Nd2 {[%emt 0:00:01]} a2 {[%emt 0:00:07]} 45. Nb3 {[%emt 0:00:02]} a1=Q+ {[%emt 0:00:02]} 46. Nxa1 {[%emt 0:00:02]} Bxa1 {[%emt 0:00:01]} 47. Ke2 {[%emt 0:00:01]} Kd6 {[%emt 0:00:01]} 48. f4 {[%emt 0:00:02]} Kxc6 {[%emt 0:00:01]} 49. Kf3 {[%emt 0:00:01]} Kd6 {[%emt 0:00:01]} 50. g4 {[%emt 0:00:01]} Ke6 {[%emt 0:00:01]} 51. g3 {[%emt 0:00:01]} Kf6 {[%emt 0:00:01]} 52. Ke4 {[%emt 0:00:04] Tobo Rubirosa ofrece tablas} Bb2 {[%emt 0:00:03] (Lag: Av=0.81s, max=2.2s)} 1/2-1/2

[Event "Stay Safe Play From Home 210"]
[Site "T#646654Emanuel Laske"]
[Date "2020.06.08"]
[Round "5"]
[White "Weltszmerc"]
[Black "Dukic"]
[Result "1-0"]
[WhiteElo "2154"]
[BlackElo "1855"]
[Annotator "TA"]
[PlyCount "67"]
[EventDate "2020.06.08"]
[EventType "swiss (blitz)"]

{[%evp 9,67,7,11,-14,52,0,56,23,44,8,67,57,86,44,56,-133,-94,-87,37,-12,67,41,65,59,92,54,86,83,95,0,77,77,96,82,308,306,451,401,695,356,399,403,912,894,898,877,841,520,679,658,719,729,1047,1047,1058,728,736,713,647,647]} 1. d4 c6 2. c4 d6 3. Bf4 Nd7 4. Nf3 Ngf6 5. h3 {[#]} Qb6 $146 ({Predecessor:} 5... g6 6. e3 Bg7 7. Be2 Qa5+ 8. Qd2 Qxd2+ 9. Nbxd2 O-O 10. O-O a5 11. Bh2 b6 {0-1 (38) Krefenstein,S (2116)-Waldmann,H (2286) Germany 2018}) 6. Qb3 {A41: 1 d4 d6: Tartakower System and Modern Defence.} Qa5+ (6... e5 $11 7. Be3 Be7) 7. Nc3 (7. Qc3 $14 Qb6 8. Bh2) 7... g6 (7... e5 $11 8. Bd2 exd4 9. Nxd4 Qe5) 8. e3 {White is slightly better.} Bg7 9. Be2 O-O (9... Ne4 $11) 10. O-O $14 a6 11. Rfd1 b5 12. d5 $2 (12. Qc2 $14 {stays ahead.}) 12... bxc4 13. Qxc4 c5 (13... Nb6 $17 14. b4 (14. Qxc6 Bd7 $17) 14... Nxc4 15. bxa5 Nxd5 16. Nxd5 cxd5) 14. Qa4 Qc7 (14... Qxa4 $11 15. Nxa4 Rb8) 15. Rac1 Rb8 16. Qc2 $36 {[%mdl 2048] White is pushing.} Nb6 17. b3 Bb7 {[%cal Rf6d5]} 18. e4 Rfc8 19. e5 ({Better is} 19. Qd2 $16) 19... Nfd7 (19... Nfxd5 $11 20. Nxd5 Nxd5 21. exd6 exd6) 20. exd6 $16 exd6 21. Ne4 Nxd5 $2 {Loses the game.} (21... Bf8 $16) 22. Bxd6 $18 {[%mdl 64] [#] Double Attack} Qd8 (22... Qc6 $142 23. Bxb8 Rxb8 24. Nxc5 Nxc5) 23. Bxb8 Nxb8 (23... Rxb8 $142 24. Nxc5 Nxc5) 24. Nxc5 Ba8 25. Qd2 Qb6 (25... Qe8 $142 26. Na4 Rxc1) 26. Na4 {White is clearly winning.} Qb7 27. Rxc8+ Qxc8 28. Rc1 Qe8 29. Bc4 Nc7 30. Ng5 Ne6 31. Nxe6 fxe6 32. Qd6 Nc6 33. Bxe6+ Kh8 {[#]} 34. Bd7 $1 {Accuracy: White = 40%, Black = 19%.} 1-0

[Event "Stay Safe Play From Home 210"]
[Site "T#646654Emanuel Laske"]
[Date "2020.06.08"]
[Round "5"]
[White "SoulofWolf"]
[Black "Greblah"]
[Result "1-0"]
[WhiteElo "2072"]
[BlackElo "2031"]
[Annotator "TA"]
[PlyCount "145"]
[EventDate "2020.06.08"]
[EventType "swiss (blitz)"]

{[%evp 9,145,-2,35,20,41,37,28,29,65,54,69,83,83,59,76,35,102,99,96,94,122,81,186,51,58,-8,67,20,13,0,15,12,9,12,18,6,155,0,68,0,45,0,107,6,11,13,14,-164,408,66,793,785,715,697,600,417,419,389,579,527,557,544,539,402,404,371,548,556,538,418,485,480,572,570,552,408,412,408,570,563,577,576,578,485,570,503,569,569,566,566,543,541,568,483,1558,1507,5447,5306,29987,29988,29988,29989,29990,29991,29993,29994,29994,29994,29997,29993,29995,29996,29996,29994,29994,29994,29996,29994,29995,0,29996,29994,29995,29994,29999,29995,29995,29994,29996,29995,29995,29996,29997,29997,29997,29995,29995,29995]} 1. c3 c6 2. d4 d5 3. Nf3 g6 4. g3 Bg7 5. Bg2 Nh6 6. O-O {D02: 1 d4 d5 2 Nf3 sidelines, including 2...Nf6 3 g3 and 2...Nf6 3 Bf4.} O-O {[#]} 7. Re1 $146 ({Predecessor:} 7. Nbd2 Nf5 8. e4 dxe4 9. Nxe4 Nd7 10. Re1 Nf6 11. Nc5 b6 12. Nd3 Bb7 13. Nfe5 {1-0 (39) Le,Q (2715)-Sundararajan,K (2413) Sharjah 2019}) 7... f6 8. e4 {White has an edge.} dxe4 9. Rxe4 Bf5 10. Re1 Nf7 11. Nbd2 Nd7 12. Nc4 {And now Nh4 would win.} b5 ({Black should play} 12... e5 $14) 13. Ne3 $16 Be4 14. a4 a6 15. h4 e5 (15... e6 $16 {is a better defense.}) 16. Nf1 (16. axb5 $18 axb5 17. Rxa8 Qxa8 18. Nxe5 {[%mdl 64] Discovered Attack} fxe5 19. Bxe4) 16... Bd5 $14 {[#]} 17. Be3 (17. h5 $1 $14 {[%mdl 512]}) 17... exd4 (17... e4 $11 18. N3d2 f5) 18. cxd4 Nb6 19. b3 bxa4 20. bxa4 Nc4 21. Bc1 Re8 22. Ne3 Nfd6 (22... Nxe3 $11 23. Bxe3 Bf8) 23. Qc2 $2 ({White has to play} 23. Nxd5 $16 cxd5 24. Rxe8+ Nxe8 25. Nd2 Nxd2 26. Bxd2 (26. Qxd2 f5 $16)) 23... f5 (23... Nxe3 $11 24. Bxe3 Qd7) 24. Rd1 (24. Nxd5 $14 cxd5 25. Rxe8+ Qxe8 26. Bf4) 24... Rb8 25. Nxc4 Bxc4 (25... Nxc4 $11 {keeps the balance.} 26. Rb1 Rxb1 27. Qxb1 Qa8) 26. Rb1 ({White should try} 26. Bg5 $1 $16 {[%cal Rg5d8]} Qc8 27. Ne5 $1 {[%mdl 576] Double Attack}) 26... Rxb1 $11 27. Qxb1 {Black should prevent Ne5.} Ne4 28. Be3 $2 {[#]} (28. Qc2 $11 {and White has nothing to worry.} Bd5 29. Bf4) 28... Be2 $4 {[%mdl 8192]} (28... Nc3 $1 $19 {[%cal Rc3b1]} 29. Qc2 Nxd1 30. Qxc4+ Qd5) 29. Rc1 $2 (29. Qa2+ $18 Kh8 30. Qxe2) 29... Qa5 $2 {[%mdl 8192]} (29... Bxf3 $14 30. Bxf3 Nxg3) 30. Qa2+ $18 {[%mdl 64] Double Attack} Kh8 31. Qxe2 Qxa4 32. Qc4 Qxc4 33. Rxc4 Rc8 (33... Nxg3 $142 34. Rxc6 f4 35. fxg3 fxe3) 34. Ne1 a5 35. Nd3 Ra8 36. Ra4 Nc3 37. Ra1 Nd5 (37... Ne2+ {was necessary.} 38. Kf1 Bxd4 39. Bxd4+ (39. Kxe2 Bxa1 40. Bxc6 Rd8 $16) 39... Nxd4) 38. Bxd5 cxd5 39. Nc5 Bf8 40. Nd7 Bb4 41. Nb6 Rd8 42. Bg5 Rd6 43. Nc8 Rc6 44. Ne7 Ra6 45. Nxd5 Bd6 46. Kg2 Kg8 47. Nf4 Kg7 48. Ne6+ Kf7 49. Nc5 Ra7 50. Be3 Ke7 51. Nd3 Ke6 {[#]} (51... a4 $142 52. Ra2 Kd8) 52. d5+ $1 {[%mdl 64] Discovered Attack} Kf6 (52... Kxd5 53. Bxa7) 53. Bxa7 Be7 54. Rxa5 Bd8 55. Ra6+ Ke7 56. Bc5+ Kd7 57. Ne5+ Kc8 58. Ra7 Kb8 59. Rxh7 g5 60. Nc6+ Kc8 61. hxg5 f4 62. gxf4 Ba5 63. Rh8+ Kc7 64. Rh7+ Kc8 65. Ne5 {White mates.} Kd8 66. Kf3 Ke8 67. Kg4 {[%cal Rh7h8]} Kd8 68. Rb7 Bc7 69. Rb5 Bxe5 70. fxe5 Kd7 71. Rb6 Kd8 72. Rd6+ Kc7 73. Kf5 {Accuracy: White = 46%, Black = 35%.} 1-0

[Event "Stay Safe Play From Home 210"]
[Site "T#646654Emanuel Laske"]
[Date "2020.06.08"]
[Round "5"]
[White "little champs"]
[Black "Edmatuag"]
[Result "1-0"]
[WhiteElo "2058"]
[BlackElo "1733"]
[Annotator "TA"]
[PlyCount "61"]
[EventDate "2020.06.08"]
[EventType "swiss (blitz)"]

{[%evp 13,61,8,12,16,18,20,87,86,87,81,93,46,48,37,62,62,126,56,74,58,86,76,160,60,176,170,161,143,132,140,122,135,118,88,104,46,41,0,56,47,147,76,202,0,0,0,0,0,233,235]} 1. d4 d5 2. e3 Nf6 3. c4 e6 4. Nc3 c6 5. Qc2 Bb4 6. Nf3 Nbd7 7. Bd2 O-O 8. Bd3 {D45: Semi-Slav: 5 e3.} Re8 9. O-O {White wants to play Nxd5.} Nf8 (9... Ba5 $11 {remains equal.}) 10. a3 $16 {White is better.} Bd6 11. e4 dxe4 {[#]} 12. Bxe4 $146 ({Predecessor:} 12. Nxe4 Nxe4 13. Bxe4 Be7 14. Rad1 f5 15. Bd3 Bf6 16. Bc3 Bd7 17. Ne5 Bxe5 18. dxe5 {1-0 (44) Ferry,J (1876)-Vantet,P (1776) France 2007}) 12... Nxe4 13. Nxe4 Ng6 14. Rad1 Bf4 (14... Bb8 $14) 15. Bc3 ({Better is} 15. Bxf4 $16 Nxf4 16. Rfe1) 15... Qc7 16. c5 e5 17. Nd6 Re7 {[#]} (17... Bg4 $142) 18. g3 (18. Nxe5 $1 $16 Rb8 19. Nxg6 hxg6 20. d5 cxd5 21. Qa4 {[%mdl 64] Double Attack} (21. Rxd5 Be6 $11)) 18... exd4 (18... Bg4 $14) 19. Nxd4 $18 ({Don't play} 19. gxf4 $6 dxc3 20. f5 Nf4 $16) 19... Be5 20. N4f5 Bxf5 21. Nxf5 {Hoping for f4.} Rd7 22. Bxe5 Nxe5 23. Qc3 f6 {[#]} 24. f4 (24. Qb3+ $1 $16 Kh8 25. Rxd7 Qxd7 26. Nd6) 24... Nf7 25. Qc4 Kf8 (25... Rad8 $11 26. Ne3 Rxd1 27. Rxd1 Rxd1+ 28. Nxd1 g6) 26. Nd4 $14 {aiming for Ne6+.} Nd8 (26... Kg8 $14) 27. Rde1 $40 {[%mdl 128] White has strong attack.} (27. Rfe1 $142 {Re8+! would kill now.} Re7 28. Qd3) 27... Rd5 (27... Re7 $16 {might work better.}) 28. b4 $2 ({And not} 28. Qe2 Qd7 $11) (28. Re4 $18) 28... Qd7 $11 29. Nf3 Nf7 30. Qe4 Rd8 $2 (30... Kg8 $11 {and Black is okay.}) 31. Qxh7 {Accuracy: White = 56%, Black = 40%.} 1-0

[Event "Stay Safe Play From Home 210"]
[Site "T#646654Emanuel Laske"]
[Date "2020.06.08"]
[Round "5"]
[White "Lucknow"]
[Black "Buzaglo"]
[Result "1-0"]
[WhiteElo "1719"]
[BlackElo "1781"]
[Annotator "NA RC"]
[PlyCount "109"]
[EventDate "2020.06.08"]
[EventType "swiss (blitz)"]

1. d4 {[%emt 0:00:02]} d5 {[%emt 0:00:01]} 2. c4 {[%emt 0:00:01]} e6 {[%emt 0:00:01]} 3. Nf3 {[%emt 0:00:01]} Nf6 {[%emt 0:00:01]} 4. Nc3 {[%emt 0:00:01]} Bb4 {[%emt 0:00:01]} 5. e3 {[%emt 0:00:01]} O-O {[%emt 0:00:01]} 6. Bd3 {[%emt 0:00:01]} dxc4 {[%emt 0:00:01]} 7. Bxc4 {[%emt 0:00:01]} c5 {[%emt 0:00:02]} 8. O-O {[%emt 0:00:01]} cxd4 {[%emt 0:00:01]} 9. exd4 {[%emt 0:00:01]} Nc6 {[%emt 0:00:01]} 10. Bg5 {[%emt 0:00:02]} Be7 {[%emt 0:00:02]} 11. Rc1 {[%emt 0:00:04]} Bd7 {[%emt 0:00:02]} 12. Qe2 {[%emt 0:00:02]} Rc8 {[%emt 0:00:02]} 13. Rfd1 {[%emt 0:00:02]} h6 {[%emt 0:00:06]} 14. Bh4 {[%emt 0:00:02]} Qa5 {[%emt 0:00:13]} 15. a3 {[%emt 0:00:07]} a6 {[%emt 0:00:06]} 16. Ba2 {[%emt 0:00:14]} Rfd8 {[%emt 0:00:02]} 17. Ne5 {[%emt 0:00:01]} Be8 {[%emt 0:00:06]} 18. Nxc6 {[%emt 0:00:09]} Bxc6 {[%emt 0:00:04]} 19. Bg3 {[%emt 0:00:08]} Qb6 {[%emt 0:00:04]} 20. Be5 {[%emt 0:00:06]} Be8 {[%emt 0:00:26]} 21. b4 {[%emt 0:00:05]} Rc6 {[%emt 0:00:14]} 22. Ne4 {[%emt 0:00:03]} Nxe4 {[%emt 0:00:09]} 23. Qxe4 {[%emt 0:00:01]} Rxc1 {[%emt 0:00:02]} 24. Rxc1 {[%emt 0:00:02]} Bd6 {[%emt 0:00:07]} 25. Bb1 {[%emt 0:00:10]} g6 {[%emt 0:00:04]} 26. Bf6 {[%emt 0:00:04]} Bc6 {[%emt 0:00:10]} 27. Qe3 {[%emt 0:00:05]} Re8 {[%emt 0:00:08]} 28. Qxh6 {[%emt 0:00:04]} Bf8 {[%emt 0:00:00]} 29. Qe3 {[%emt 0:00:14]} Bg7 {[%emt 0:00:06]} 30. Qe5 {[%emt 0:00:32]} Bxf6 {[%emt 0:00:02]} 31. Qxf6 {[%emt 0:00:01]} Qd8 {[%emt 0:00:06]} 32. Qe5 {[%emt 0:00:04]} Qh4 {[%emt 0:00:07]} 33. Re1 {[%emt 0:00:12]} Qg4 {[%emt 0:00:05]} 34. Be4 {[%emt 0:00:01]} Bxe4 {[%emt 0:00:03]} 35. Qxe4 {[%emt 0:00:00]} Qh5 {[%emt 0:00:06]} 36. h3 {[%emt 0:00:04]} Qf5 {[%emt 0:00:00]} 37. Qe3 {[%emt 0:00:01]} Qc2 {[%emt 0:00:01]} 38. Re2 {[%emt 0:00:02]} Qc8 {[%emt 0:00:00]} 39. Kh2 {[%emt 0:00:01]} Qc7+ {[%emt 0:00:01]} 40. g3 {[%emt 0:00:00]} Qe7 {[%emt 0:00:00]} 41. Qd2 {[%emt 0:00:01]} Qf6 {[%emt 0:00:00]} 42. Re4 {[%emt 0:00:01]} Qg7 {[%emt 0:00:00]} 43. Qe2 {[%emt 0:00:00]} Qf8 {[%emt 0:00:00]} 44. Qe3 {[%emt 0:00:00]} Qe7 {[%emt 0:00:01]} 45. Qf4 {[%emt 0:00:00]} Rd8 {[%emt 0:00:00]} 46. Qe5 {[%emt 0:00:00]} Qf8 {[%emt 0:00:00]} 47. Qf4 {[%emt 0:00:01]} Rd5 {[%emt 0:00:00]} 48. Re5 {[%emt 0:00:01]} Rxe5 {[%emt 0:00:01]} 49. Qxe5 {[%emt 0:00:00]} Qe7 {[%emt 0:00:00]} 50. Qe3 {[%emt 0:00:00]} Qf8 {[%emt 0:00:00]} 51. h4 {[%emt 0:00:00]} Qg7 {[%emt 0:00:00]} 52. Qf4 {[%emt 0:00:00]} Qh6 {[%emt 0:00:01]} 53. Qe5 {[%emt 0:00:00]} Qg7 {[%emt 0:00:01]} 54. Qc7 {[%emt 0:00:00]} Qf8 {[%emt 0:00:01]} 55. Qb8 {[%emt 0:00:01] Time (Lag: Av=0.57s, max=1.4s)} 1-0

[Event "Stay Safe Play From Home 210"]
[Site "T#646654Emanuel Laske"]
[Date "2020.06.08"]
[Round "5"]
[White "Klasman"]
[Black "Fingerfehler1"]
[Result "0-1"]
[WhiteElo "1620"]
[BlackElo "1613"]
[Annotator "NA RC"]
[PlyCount "58"]
[EventDate "2020.06.08"]
[EventType "swiss (blitz)"]

1. f4 {[%emt 0:00:02]} d5 {[%emt 0:00:05]} 2. Nf3 {[%emt 0:00:02]} Nf6 {[%emt 0:00:02]} 3. e3 {[%emt 0:00:01]} c6 {[%emt 0:00:03]} 4. c4 {[%emt 0:00:01]} e6 {[%emt 0:00:03]} 5. d4 {[%emt 0:00:01]} Bb4+ {[%emt 0:00:05]} 6. Nc3 {[%emt 0:00:01]} Ne4 {[%emt 0:00:04]} 7. Bd2 {[%emt 0:00:02]} Nxd2 {[%emt 0:00:02]} 8. Qxd2 {[%emt 0:00:03]} Nd7 {[%emt 0:00:05]} 9. a3 {[%emt 0:00:01]} Ba5 {[%emt 0:00:05]} 10. b4 {[%emt 0:00:01]} Bc7 {[%emt 0:00:01]} 11. cxd5 {[%emt 0:00:08]} exd5 {[%emt 0:00:00]} 12. Bd3 {[%emt 0:00:03]} O-O {[%emt 0:00:04]} 13. Ne5 {[%emt 0:00:01]} Nxe5 {[%emt 0:00:04]} 14. fxe5 {[%emt 0:00:02]} f6 {[%emt 0:00:01]} 15. Qc2 {[%emt 0:00:12]} h6 {[%emt 0:00:07]} 16. O-O {[%emt 0:00:06]} fxe5 {[%emt 0:00:10]} 17. Rxf8+ {[%emt 0:00:08]} Qxf8 {[%emt 0:00:02]} 18. Rf1 {[%emt 0:00:03]} Qe7 {[%emt 0:00:02]} 19. Bh7+ {[%emt 0:00:06]} Kh8 {[%emt 0:00:02]} 20. Qg6 {[%emt 0:00:06]} Be6 {[%emt 0:00:13]} 21. e4 {[%emt 0:00:15]} exd4 {[%emt 0:00:04]} 22. exd5 {[%emt 0:00:02]} cxd5 {[%emt 0:00:04]} 23. Re1 {[%emt 0:00:09]} Bxh2+ {[%emt 0:00:16]} 24. Kh1 {[%emt 0:00:11]} dxc3 {[%emt 0:00:14]} 25. Rxe6 {[%emt 0:00:03]} Qh4 {[%emt 0:00:02]} 26. Qf5 {[%emt 0:00:44]} Bd6+ {[%emt 0:00:20]} 27. Kg1 {[%emt 0:00:09]} Qh2+ {[%emt 0:00:02]} 28. Kf2 {[%emt 0:00:05]} Rf8 {[%emt 0:00:01]} 29. Qxf8+ {[%emt 0:00:10]} Bxf8 {[%emt 0:00:02] Time (Lag: Av=0.34s, max=0.8s)} 0-1

[Event "Stay Safe Play From Home 210"]
[Site "T#646654Emanuel Laske"]
[Date "2020.06.08"]
[Round "5"]
[White "Trotsky"]
[Black "Timbre"]
[Result "0-1"]
[WhiteElo "1599"]
[BlackElo "1582"]
[Annotator "NA RC"]
[PlyCount "98"]
[EventDate "2020.06.08"]
[EventType "swiss (blitz)"]

1. d4 {[%emt 0:00:04]} d5 {[%emt 0:00:02]} 2. e3 {[%emt 0:00:01]} c6 {[%emt 0:00:01]} 3. c4 {[%emt 0:00:01]} Nf6 {[%emt 0:00:01]} 4. Nc3 {[%emt 0:00:01]} Bf5 {[%emt 0:00:03]} 5. c5 {[%emt 0:00:03]} e6 {[%emt 0:00:01]} 6. Bd3 {[%emt 0:00:02]} Bg6 {[%emt 0:00:02]} 7. Qc2 {[%emt 0:00:01]} Nbd7 {[%emt 0:00:01]} 8. h4 {[%emt 0:00:01]} Be7 {[%emt 0:00:05]} 9. Bd2 {[%emt 0:00:02]} Bxd3 {[%emt 0:00:04]} 10. Qxd3 {[%emt 0:00:01]} e5 {[%emt 0:00:02]} 11. f3 {[%emt 0:00:05]} h6 {[%emt 0:00:06]} 12. O-O-O {[%emt 0:00:01]} Nh5 {[%emt 0:00:04]} 13. Rh3 {[%emt 0:00:03]} e4 {[%emt 0:00:04]} 14. fxe4 {[%emt 0:00:02]} dxe4 {[%emt 0:00:02]} 15. Nxe4 {[%emt 0:00:01]} Ndf6 {[%emt 0:00:04]} 16. g4 {[%emt 0:00:02]} Nxe4 {[%emt 0:00:05]} 17. Qxe4 {[%emt 0:00:02]} Nf6 {[%emt 0:00:02]} 18. Qd3 {[%emt 0:00:01]} Bxc5 {[%emt 0:00:03]} 19. Nf3 {[%emt 0:00:03]} Be7 {[%emt 0:00:02]} 20. Qc2 {[%emt 0:00:07]} Nxg4 {[%emt 0:00:06]} 21. Rf1 {[%emt 0:00:17]} Qd5 {[%emt 0:00:09]} 22. e4 {[%emt 0:00:06]} Qxa2 {[%emt 0:00:02]} 23. Rhh1 {[%emt 0:00:10]} Qa1+ {[%emt 0:00:05]} 24. Qb1 {[%emt 0:00:02]} Qxb1+ {[%emt 0:00:01]} 25. Kxb1 {[%emt 0:00:01]} Nf6 {[%emt 0:00:03]} 26. e5 {[%emt 0:00:02]} Nd5 {[%emt 0:00:02]} 27. e6 {[%emt 0:00:06]} fxe6 {[%emt 0:00:04]} 28. Ne5 {[%emt 0:00:01]} Bf6 {[%emt 0:00:05]} 29. Ng6 {[%emt 0:00:09]} Rg8 {[%emt 0:00:02]} 30. Re1 {[%emt 0:00:03]} O-O-O {[%emt 0:00:05]} 31. Rxe6 {[%emt 0:00:03]} Bxd4 {[%emt 0:00:03]} 32. Bf4 {[%emt 0:00:04]} Nxf4 {[%emt 0:00:05]} 33. Nxf4 {[%emt 0:00:01]} Bf6 {[%emt 0:00:01]} 34. Rhe1 {[%emt 0:00:01]} Kc7 {[%emt 0:00:03]} 35. Nh5 {[%emt 0:00:04]} Rgf8 {[%emt 0:00:04]} 36. Nxf6 {[%emt 0:00:02]} gxf6 {[%emt 0:00:03]} 37. Re7+ {[%emt 0:00:01]} Rd7 {[%emt 0:00:02]} 38. Kc2 {[%emt 0:00:06]} Rxe7 {[%emt 0:00:01]} 39. Rxe7+ {[%emt 0:00:01]} Kc8 {[%emt 0:00:03]} 40. Rh7 {[%emt 0:00:01]} f5 {[%emt 0:00:02]} 41. Rxh6 {[%emt 0:00:01]} f4 {[%emt 0:00:01]} 42. Kd2 {[%emt 0:00:05]} f3 {[%emt 0:00:01]} 43. Rh8 {[%emt 0:00:22]} Rxh8 {[%emt 0:00:21]} 44. Ke3 {[%emt 0:00:01]} Rxh4 {[%emt 0:00:01]} 45. Kxf3 {[%emt 0:00:01]} Rb4 {[%emt 0:00:02]} 46. Ke3 {[%emt 0:00:03]} Rxb2 {[%emt 0:00:01]} 47. Kd4 {[%emt 0:00:01]} Rb5 {[%emt 0:00:02]} 48. Kc4 {[%emt 0:00:01]} a5 {[%emt 0:00:01]} 49. Kc3 {[%emt 0:00:03]} a4 {[%emt 0:00:01] Trotsky Ñäàåòñÿ (Lag: Av=0.45s, max=0.6s)} 0-1

[Event "Stay Safe Play From Home 210"]
[Site "T#646654Emanuel Laske"]
[Date "2020.06.08"]
[Round "5"]
[White "Tobo Rubirosa"]
[Black "Klausen"]
[Result "1-0"]
[WhiteElo "1589"]
[BlackElo "1970"]
[Annotator "TA"]
[PlyCount "97"]
[EventDate "2020.06.08"]
[EventType "swiss (blitz)"]

{[%evp 13,97,21,35,23,30,-66,-52,-58,-57,-127,-129,-137,-109,-108,-107,-104,-112,-116,-125,-131,-145,-178,-168,-165,-175,-160,-154,-162,-154,-146,-147,-196,-100,-178,-175,-172,-170,-248,-206,-172,-143,-150,-83,-88,-93,-189,-147,-217,-208,-192,-57,-212,-214,-184,-152,-285,-256,-272,-182,-173,-157,-350,-25,-371,-344,-238,-217,-225,-225,-377,-225,-225,-225,-349,-225,-225,-225,-230,-233,-1664,-233,-29988,-29972,-29989,-29990,-29991]} 1. Nf3 Nf6 2. d4 g6 3. c4 Bg7 4. Nc3 d5 5. g3 O-O 6. cxd5 Nxd5 7. Bg2 c5 8. Nxd5 {E61: King's Indian: Early deviations for White, including Smyslov System.} Qxd5 9. dxc5 ({White should try} 9. O-O $11) 9... Qxd1+ $15 10. Kxd1 {Black is slightly better.} Na6 {[%cal Bb8a6,Ba6c5,Bc5a4,Ba4b2][%mdl 32] [#]} 11. Ke1 $146 ({Better is} 11. Be3 $15) ({Predecessor:} 11. c6 bxc6 12. Nd2 Be6 13. h4 Rab8 14. h5 Rfd8 15. a3 Bxb2 16. Rb1 Bd4 17. Rxb8 Nxb8 18. hxg6 hxg6 {0-1 (23) Khomeriki,N (2347)-Nguyen,T (2280) St Petersburg 2018}) 11... Nxc5 $17 12. Be3 Na4 13. Bd4 Nxb2 14. Bxg7 Kxg7 15. Rb1 Nc4 16. Nd4 Rd8 17. e3 e5 18. Nb3 Rb8 19. Ke2 b5 20. Rhd1 Bf5 21. Rbc1 a5 22. Nc5 Bg4+ (22... Rxd1 $1 $19 23. Rxd1 Rc8) 23. Bf3 (23. f3 $17 Rxd1 24. Rxd1) 23... Bxf3+ $1 $19 24. Kxf3 Rbc8 $1 {White must now prevent ...Rxd1.} 25. Nb7 (25. Rxd8 $142 Rxd8 26. Rc2) 25... Rxd1 26. Rxd1 {[%mdl 4096] Endgame KRN-KRN} Rc7 27. Nd6 Rc5 (27... Nxd6 $142 28. Rxd6 f5) 28. Ne4 $17 {[#]} Rc6 $1 29. Rd5 (29. g4 $17) 29... b4 30. Nd2 (30. Ke2 $17) 30... Nxd2+ $19 31. Rxd2 {KR-KR} f6 (31... Kf6 $19 32. Ke2 Ke6) 32. Rd5 $2 (32. Rd7+ $15 Kf8 33. Ra7) 32... a4 33. Rb5 {[#]} Rc4 $1 34. Ke2 (34. Rb7+ $17 Kh6 35. e4) 34... Rc2+ 35. Kf3 Rxa2 36. Rxb4 f5 37. h4 $2 (37. g4 $17 {was necessary.}) 37... Kh6 $2 (37... e4+ $19 38. Kg2 a3) 38. Rb6 $2 {[%mdl 8192]} (38. g4 $1 $11 {and White has nothing to worry.}) 38... a3 39. Ra6 Ra1 40. Kg2 e4 41. Kh2 $2 (41. Ra5) 41... Kh5 (41... Kg7 $142 42. Ra7+ Kf6 43. Ra6+ Ke7) 42. Kg2 h6 43. Kh2 (43. Ra5 {is a better defense.}) 43... Kg4 {aiming for ...Kf3.} 44. Kg2 g5 45. hxg5 hxg5 46. Kh2 $2 (46. Ra8) 46... f4 $2 (46... Kf3 47. Ra5 Kxf2 48. Rxf5+ Kxe3 49. Rxg5 a2) 47. Kg2 $2 (47. gxf4 $19 gxf4 48. exf4) 47... f3+ 48. Kh2 Rf1 49. Ra7 {[%mdl 32768] Accuracy: White = 38%, Black = 51%. . Loss on time!?} 1-0